Statistics for EVERY KANYE WEST SONG! (2024 UPDATED)

Click here to take the quiz!

General Stats

  • This quiz has been taken 21,600 times
    (5,100 since last reset)
  • The average score is 99 of 227

Answer Stats

The College Dropout% Correct
14GOOD (DON'T DIE)
86%
9Runaway
83%
12CARNIVAL
80%
1Good Morning
79%
3Heartless
79%
10Bound 2
77%
9Flashing Lights
77%
3Stronger
76%
2Father Stretch My Hands, Pt. 1
75%
4All Falls Down
74%
4Gold Digger
74%
5All of the Lights
73%
8Devil In a New Dress
73%
6Ghost Town
73%
4I Wonder
73%
3Niggas in Paris
72%
1Dark Fantasy
71%
3Power
71%
3Pt. 2
71%
12Homecoming
70%
6Monster
70%
19Through the Wire
70%
9BURN
69%
2Champion
69%
14 (Bonus Track)Good Night
69%
7Jesus Walks
69%
8Drunk and Hot Girls
67%
7Violent Crimes
66%
2Black Skinhead
65%
18Donda
65%
2Gorgeous
65%
20Saint Pablo
65%
7Barry Bonds
64%
1STARS
64%
6Can't Tell Me Nothing
62%
17No More Parties in LA
62%
6Spaceship
62%
3Touch the Sky
62%
4Famous
61%
5Good Life
61%
1On Sight
61%
1Ultralight Beam
61%
11VULTURES
60%
2We Don't Care
60%
13Big Brother
59%
10FUK SUMN
59%
4Otis
59%
16KING
58%
3All Mine
57%
4New Slaves
57%
13Wolves
57%
4All of the Lights (Interlude)
56%
10Hell of a Life
56%
11Blame Game
55%
7Blood On the Leaves
55%
20Diamonds from Sierra Leone
55%
20Family Business
55%
1I Thought About Killing You
55%
9Roses
55%
11The New Workout Plan
55%
5BACK TO ME
54%
1Donda Chant
54%
10Everything I Am
54%
21Last Call
54%
1No Church in the Wild
54%
5Skit #1
54%
12Skit #2
54%
12Slow Jamz
54%
13Who Will Survive in America
54%
15PROBLEMATIC
53%
1Intro
52%
12Lost in the World
52%
15Skit #3
52%
7So Appalled
52%
4TALKING
52%
10Waves
52%
2Welcome to Heartbreak
52%
16Hey Mama
51%
5Hold My Liquor
51%
5Off the Grid
51%
6Paranoid
51%
5Reborn
51%
7RoboCop
51%
2Yikes
51%
2Heard 'Em Say
50%
2Hurricane
50%
6Kids See Ghosts
50%
21Late (Hidden Track)
50%
3PAID
50%
8PAPERWORK
50%
18Skit #4
50%
8Street Lights
50%
34th Dimension
49%
3I Am a God
49%
6Jail
49%
11The Glory
49%
6Cold.1
48%
7DO IT
48%
3Follow God
48%
Features Lil Pump (2018)I Love It
48%
15School Spirit
48%
2KEYS TO MY LIFE
47%
1Wake Up Mr. West
47%
14We Major
47%
10Workout Plan
47%
4Freeee (Ghost Town, Pt. 2)
46%
8God Is
46%
6HOODRAT
46%
11Coldest Winter
45%
Features Rihanna & Paul McCartney (2015)FourFiveSeconds
45%
18Two Words
45%
13BEG FORGIVENESS
44%
7Cudi Montage
44%
6Drive Slow
44%
Poopity Scoop!Lift Yourself
44%
3Moon
44%
7Praise God
44%
8Never Let Me Down
43%
5No Mistakes
43%
12Pinocchio Story (Live From Singapore)
43%
19Fade
42%
17Lil Jimmy (Skit)
42%
5Love Lockdown
42%
4Amazing
41%
15 (Bonus Track, Japan Exclusive)Bittersweet Poetry
41%
4Closed on Sunday
41%
3Graduation Day
41%
7Highlights
41%
1630 Hours
40%
2Fire
40%
31Jail pt 2
40%
11Addiction
39%
13Breathe In Breathe Out
39%
11FML
39%
8Guilt Trip
39%
1Say You Will
39%
9I Love Kanye
38%
6I'm In It
38%
5On God
38%
2Selah
38%
With XXXTENTACION (2022)True Love
38%
8Crack Music
37%
5I'll Fly Away
37%
16Junya
37%
6Low Lights
37%
12Real Friends
37%
15Siiiiiiiiilver Surffffeeeeer Intermission
37%
4Wouldn't Leave
37%
13Diamonds from Sierra Leone (Remix)
36%
14Frank's Track
36%
9Get Em High
36%
19Gone
36%
4Life of the Party
36%
3Mercy.1
36%
14School Spirit (Skit 1)
36%
9Send It Up
36%
7Water
36%
12Don't Like.1
34%
With The Game - Disses Pete Davidson (2022)Eazy
34%
5Feedback
34%
1Feel the Love
34%
28Jesus Lord
34%
8Freestyle 4
33%
16School Spirit (Skit 2)
33%
17Celebration
32%
26Ok Ok
32%
18Facts (Charlie Heat Version)
31%
11Jesus Is Lord
31%
30Junya pt 2
31%
10See You In My Nightmares
31%
Features Theophilus London, Allan Kingdom, & Paul McCartney (2015)All Day
30%
10Use This Gospel
30%
29Ok Ok pt 2
29%
9Bad News
28%
1Every Hour
28%
7My Way Home
28%
Features Paul McCartney (2014)Only One
28%
22Remote Control
28%
5The Morning
28%
1524
27%
10Bring Me Down
27%
14H.A.M.
27%
8Come to Life
26%
20Jesus Lord pt 2
25%
10No Child Left Behind
25%
Featuring Travis Scott (2020)Wash Us in the Blood
25%
With Fivio Foreign & Alicia KeysCity of Gods
24%
6Everything We Need
24%
24Jonah
24%
2Lift Off
24%
12Why I Love You
24%
9Believe What I Say
23%
13God Breathed
22%
9Hands On
21%
21Heaven and Hell
21%
11Made in America
21%
25Pure Souls
21%
12Remote Control pt 2
21%
14 (Bonus Track)See Me Now
21%
8Welcome to the Jungle
21%
Single, Mentions the Kardashians (2018)XTCY
21%
7That's My Bitch
20%
Political Song With T.I. (2018)Ye vs. the People
20%
Features Gucci Mane, Big Sean, 2 Chainz, Travis Scott, Yo Gotti, Quavo, & Designer (2016)Champions
19%
5Gotta Have It
19%
19Keep My Spirit Alive
19%
10Murder to Excellence
19%
6New Day
19%
27New Again
18%
4New God Flow.1
18%
23Tell the Vision
18%
13Illest Motherfucker Alive
17%
2Clique
16%
9Who Gon Stop Me
16%
32Keep My Spirit Alive pt 2
15%
15Primetime
15%
11Up From the Ashes
15%
14Lord I Need You
14%
17Never Abandon Your Family
14%
16The Joy
14%
"Overthrow, send the drones in" (2020) - Later remixed with DaBaby & 2 ChainzNah Nah Nah
11%
8Sin City
10%
1To the World
10%
10Creepers
9%
11Bliss
8%
7Higher
8%
9The One
8%

Score Distribution

Percentile by Number Answered

Percent of People with Each Score

Your Score History

You have not taken this quiz since the last reset